Представление документа в формате MARC21

ПолеНазваниеЗначение
  Тип записи a
  Библиографический уровень m
001 Контрольный номер RU\infra-m\znanium\bibl\2225353
005 Дата корректировки 20260429142111.9
008 Кодируемые данные 250905s2025 RU g rus u
020 Индекс ISBN __
a ISBN 978-5-9729-2316-8
040 Источник каталогиз. __
a Служба первич. каталог. Общество с ограниченной ответственностью «ЗНАНИУМ»
041 Код языка издания __
a Код языка текста rus
044 Код страны публикации __
a Код страны публикации RU
080 Индекс УДК __
a Индекс УДК 544
084 Индекс другой классификации/Индекс ББК __
2 Источник индекса rubbk
a Индекс другой классификации/Индекс ББК 245
084 Индекс другой классификации/Индекс ББК __
2 Источник индекса okso
a Индекс другой классификации/Индекс ББК 03.03.01
084 Индекс другой классификации/Индекс ББК __
2 Источник индекса okso
a Индекс другой классификации/Индекс ББК 03.03.02
084 Индекс другой классификации/Индекс ББК __
2 Источник индекса okso
a Индекс другой классификации/Индекс ББК 04.03.01
084 Индекс другой классификации/Индекс ББК __
2 Источник индекса okso
a Индекс другой классификации/Индекс ББК 04.03.02
100 Автор __
a Автор Нарышкин Д.Г.
q Полное имя Нарышкин Дмитрий Григорьевич
u Дополнение Московский энергетический институт
245 Заглавие __
a Заглавие Физико-химические расчеты. Возможности компьютерной математики
b Продолж. заглавия Учебное пособие
c Ответственность Московский энергетический институт
250 Сведения об издании __
a Основные сведения об издании 1
260 Выходные данные __
a Место издания Вологда
b Издательство Инфра-Инженерия
c Дата издания 2025
300 Физическое описание __
a Объем 200 с.
520 Аннотация __
a Аннотация Рассмотрены основные проблемы обработки результатов физико-химических экспериментов при изучении курса «Физическая химия». Рассмотрены алгоритмы обработки результатов физико-химических экспериментов сформулированных в виде системы уравнений - химических (химическая модель системы) термодинамических или кинетических (математическая модель) возможности графической иллюстрации табличных данных физико-химических экспериментов или справочных данных и их аппроксимации аналитической зависимостью. Каждая задача основана или на справочном материале или на материале реальной научной работы ссылки на которые приводятся. Для студентов и аспирантов всех специальностей и направлений изучающих курс «Физическая химия».
521 Примеч. о цел. назн. __
a Примеч. о целев. назн. ВО - Бакалавриат
650 Тематические рубрики __
a Основная рубрика Химические науки
x Основная подрубрика Физическая химия. Химическая физика
655 Указ. предметных рубрик (устаревшее) __
a Жанр/ форма (устаревшее) Учебное пособие
856 Электронный адрес документа 4_
a Имя сервера/домена znanium.ru
m Помощь ebs_support@infra-m.ru
n Местонахождение сервера НИЦ ИНФРА-М
u URL https://znanium.ru/catalog/document?id=469356
856 Электронный адрес документа 48
a Имя сервера/домена znanium.ru
d Путь /cover/2225
f Электронное имя 2225353.jpg
q Тип электронного формата image/jpeg
u URL https://znanium.ru/cover/2225/2225353.jpg
911 __
u 0030=https://znanium.ru/catalog/document?id=469356